000 00343 a2200157 4500
001 56818
020 _a8532210201
040 _cAnchieta - Pituba
100 _aGomes, Álvaro Cardoso
240 1 0 _aLadrões de tênis
_lpor
245 1 0 _aLadrões de tênis
300 _a116
362 0 _a1993
650 4 _aLiteratura juvenil
942 _cBK
999 _c56818
_d56818